| 000 | 00722nam a2200193Ii 4500 | ||
|---|---|---|---|
| 003 | JO-AjNU | ||
| 008 | 230605s9999||||xx |||||||||||||| ||und|| | ||
| 040 |
_aJO-AjNU _bara _erda _cJO-AjNU |
||
| 041 | _aara | ||
| 050 | 1 | 4 | _aHD1295.E3.D3742.1976 |
| 100 | 3 |
_aدراز، حامد عبد الحميد, _eauthor _935671 |
|
| 245 | 0 | 0 | _aاصلاح الضريبة الزراعية اساس التنمية الاقتصادية في مصر |
| 264 | 3 | 1 | _aالاسكندرية:مؤسسة شباب الجامعة،1976 |
| 300 | _a270ص | ||
| 336 |
_atext _btxt _2rdacontent |
||
| 337 |
_aunmediated _bn _2rdamedia |
||
| 338 |
_avolume _bnc _2rdacarrier |
||
| 650 | 4 |
_aالتنمية الاقتصادية-الضرائب-مصر _935672 |
|
| 999 |
_aA14749 _c18317 _d18317 |
||